তুমি আমায় ডেকেছিলে ছুটির নিমন্ত্রনে / (Record no. 5950)
[ view plain ]
| 000 -LEADER | |
|---|---|
| fixed length control field | 00696nam a22001817a 4500 |
| 003 - CONTROL NUMBER IDENTIFIER | |
| control field | BUBTL |
| 008 - FIXED-LENGTH DATA ELEMENTS--GENERAL INFORMATION | |
| fixed length control field | 190403b xxu||||| |||| 00| 0 eng d |
| 020 ## - INTERNATIONAL STANDARD BOOK NUMBER | |
| International Standard Book Number | 978-984-91847-6-8 |
| 082 ## - DEWEY DECIMAL CLASSIFICATION NUMBER | |
| Classification number | 891.443 / AHT |
| 100 ## - MAIN ENTRY--PERSONAL NAME | |
| 9 (RLIN) | 1698 |
| Personal name | আহমেদ,হুমায়ূন |
| 245 ## - TITLE STATEMENT | |
| Title | তুমি আমায় ডেকেছিলে ছুটির নিমন্ত্রনে / |
| Statement of responsibility, etc. | হুমায়ূন আহমেদ |
| 260 ## - PUBLICATION, DISTRIBUTION, ETC. (IMPRINT) | |
| Place of publication, distribution, etc. | ঢাকা : |
| Name of publisher, distributor, etc. | কাকলী প্রকাশনী, |
| Date of publication, distribution, etc. | c1993 |
| 300 ## - PHYSICAL DESCRIPTION | |
| Extent | 80 p. : |
| Dimensions | 21 cm. |
| 650 #0 - SUBJECT ADDED ENTRY--TOPICAL TERM | |
| 9 (RLIN) | 1692 |
| Topical term or geographic name as entry element | বাংলা সাহিত্য |
| 856 ## - ELECTRONIC LOCATION AND ACCESS | |
| Password | 0 |
| Logon | 0 |
| Link text | Download |
| 942 ## - ADDED ENTRY ELEMENTS (KOHA) | |
| Source of classification or shelving scheme | |
| Koha item type | Books |
| Withdrawn status | Lost status | Source of classification or shelving scheme | Damaged status | Not for loan | Collection code | Permanent location | Current location | Shelving location | Date acquired | Inventory number | Total Checkouts | Total Renewals | Full call number | Barcode | Date last seen | Date last checked out | Copy number | Price effective from | Koha item type | Checked out |
|---|---|---|---|---|---|---|---|---|---|---|---|---|---|---|---|---|---|---|---|---|
| Fiction | Bangladesh University of Business and Technology Library | Bangladesh University of Business and Technology Library | Fiction | 10/19/2016 | 22485 | 8 | 3 | 891.443 / AHT | BUBTL-200322485 | 07/16/2024 | 07/10/2024 | C-1 | 04/03/2019 | Books | ||||||
| Fiction | Bangladesh University of Business and Technology Library | Bangladesh University of Business and Technology Library | Fiction | 10/19/2016 | 22486 | 13 | 1 | 891.443 / AHT | BUBTL-200322486 | 03/25/2024 | 03/25/2024 | C-2 | 11/13/2019 | Books | 04/01/2024 |
